Emojis nach Buchstabe - M - Statistiken

Allgemein
  • Dieses Quiz wurde 73 mal gespielt
  • Das Durchschnittsergebnis liegt bei 18 aus 28
Antwortstatistiken
Emoji beginnend mit M Lösung % Korrekt
🦣 Mammut
92%
🥭 Mango
92%
♂️ Marssymbol
92%
🐭 Maus
90%
🎤 Mikrofon
89%
🖕 Mittelfinger
89%
🐞 Marienkäfer
87%
🌽 Mais
86%
🧜‍♀️ Meerjungfrau
86%
👧 Mädchen
81%
🎭 Masken
81%
🦟 Moskito
79%
🍊 Mandarine
73%
🧱 Mauer
68%
🇲🇽 Mexiko
67%
🕌 Moschee
65%
🪤 Mausefalle
62%
🇲🇹 Malta
60%
➖️ Minus
56%
✖️ Multiplikation
54%
🇲🇩 Moldawien
52%
🌌 Milchstraße
46%
🇲🇪 Montenegro
41%
🧐 Monokel
40%
🇲🇿 Mosambik
38%
🪆 Matroschka
29%
🀄 Mahjong-Stein
27%
🪇 Maracas
10%
Keine übereinstimmenden Quizze gefunden
Verteilung der Resultate
Anzahl Personen mit jedem Resultat
Perzentil nach korrekt beantworteten Fragen
Ihre Resultats-Entwicklung
Sie haben dieses Quiz noch nicht gespielt